Sports Quiz

Random Sports Quiz

QB Victims of The Giants D Quiz Stats

 Plays Quiz not verified by Sporcle

Score 0/5 Timer 01:00
0 Plays Today
Week Quarterback % Correct
7Tony Romo
90.5%
4Jay Cutler
85.3%
1Matt Moore
64.2%
4Todd Collins
61.1%
6Matthew Stafford
46.3%

You're not logged in!

Compare scores with friends on all Sporcle quizzes.
OR
Log In

Show Comments

Extras

Created Nov 19, 2010ReportNominate
Tags:giant, Quarterbacks, victim, week

Top Quizzes Today


Score Distribution

Your Account Isn't Verified!

In order to create a playlist on Sporcle, you need to verify the email address you used during registration. Go to your Sporcle Settings to finish the process.

Report this User

Report this user for behavior that violates our Community Guidelines.

Details: